000 02081nam a2200433 c 4500
003 BLK
005 20240416154247.0
008 180410b bul|||||r ||||||| ||bul||
010 _aKNG00151654000
020 _a978-954-672-129-7
_bиздат.: Колхида
040 _aBLK
041 _aBUL
_cBUL
072 7 _2bullib
_aН61
_xМедицина Н
080 _aХигиена на храненето. Режим на храненето. Вж и 612.39 ; 614.3 ; 615.874 ; 641
_b613.2
_x-055.26
_z613.2-055.26
080 _aПриготвяне на специална храна. Диетична храна
_b641.56
_x-055.26(083.1)
_z641.56-055.26(083.1)
100 1 _aХолфорд, Патрик
_eпърви автор
_9375543
700 1 _aЛоусън, Сузана
_eсъавт.
_9305302
700 _aМиленкова, Михайла
_9328734
139 _aХолфорд, Патрик и др.
_bХ 63
245 1 0 _aОптимално хранене преди, по време на и след бременността
_cПатрик Холфорд; съавт. Сузана Лоусън; прев. от англ. Михаила Миленкова.
257 _aGBR
260 София
_bКолхида
_c2010
_fСофия : Симолини
300 _a340 с.
_bс табл.
_c20 см
380 _a61
500 _aОриг. загл. Optimum Nutrition Before, During and After Pregnancy / Patrick Holford, Susannah Lawson. - Името на прев. отбелязано на гърба на загл. с. - Предм. показалец.
650 4 _aБременност - хранене
_9297174
650 4 _aКърмачета - хранене
_9266054
653 _aбременност
653 _aхигиена на храненето
653 _aбебета
653 _aкърмачета
659 _aН
852 _aЦб 265300
856 4 _qpdf
_u
856 4 _qpdf
_u
942 _cKNG
_n0
944 _aCR
_c10.10.2013
_lГеновева Генчева
_k30560
944 _aED
_c27.05.2014
_lф /
_k
999 _c145474
_d145474